[Event "29. Klatovy A 2023"]
[Site "Klatovy"]
[Date "2023.07.07"]
[Round "7.16"]
[White "Strnad, Jakub"]
[Black "Novotny, David"]
[Result "0-1"]
[WhiteElo "1957"]
[BlackElo "2034"]
[PlyCount "44"]
[EventDate "2023.07.01"]
[EventType "swiss"]
[EventRounds "9"]
[EventCountry "CZE"]
[TimeControl "120+30"]

1. e4 {[%emt 0:00:01]} c5 {[%emt 0:00:26]} 2. Nf3 {[%emt 0:00:22]} Nc6 {[%emt 0:00:44]} 3. d4 {[%emt 0:00:24]} cxd4 {[%emt 0:00:08]} 4. Nxd4 {[%emt 0:00:08]} g6 {[%emt 0:00:09]} 5. Nc3 {[%emt 0:00:29]} Bg7 {[%emt 0:00:21]} 6. Be3 {[%emt 0:00:29]} Nf6 {[%emt 0:00:14]} 7. Bc4 {[%emt 0:03:43]} O-O {[%emt 0:00:53]} 8. f3 {[%emt 0:02:05]} Qb6 {[%emt 0:04:33]} 9. Bb3 {[%emt 0:02:42]} Nxe4 {[%emt 0:00:54]} 10. Nd5 {[%emt 0:00:09]} Qa5+ {[%emt 0:01:02]} 11. c3 {[%emt 0:00:43]} Nc5 {[%emt 0:28:04]} 12. Nxc6 {[%emt 0:09:41]} dxc6 {[%emt 0:02:59]} 13. Nxe7+ {[%emt 0:00:16]} Kh8 {[%emt 0:00:03]} 14. Nxc8 {[%emt 0:00:29]} Re8 {[%emt 0:10:21]} 15. Kf2 {[%emt 0:09:33]} Raxc8 {[%emt 0:02:35]} 16. Bxf7 {[%emt 0:02:56]} Rxe3 {[%emt 0:03:51]} 17. Kxe3 {[%emt 0:09:02]} Qb6 {[%emt 0:19:27]} 18. f4 {[%emt 0:11:21]} Rf8 {[%emt 0:12:40]} 19. Kf3 {[%emt 0:05:15]} Qxb2 {[%emt 0:11:40]} 20. Qc1 {[%emt 0:09:40]} Qb5 {[%emt 0:05:47]} 21. Bb3 {[%emt 0:11:51]} Qd3+ {[%emt 0:10:41]} 22. Qe3 {[%emt 0:00:58]} Rxf4+ {[%emt 0:01:29]} 0-1

[Event "29. Klatovy A 2023"]
[Site "Klatovy"]
[Date "2023.07.07"]
[Round "7.17"]
[White "Folkova, Martina"]
[Black "Mik, Tomas"]
[Result "1/2-1/2"]
[WhiteElo "2049"]
[BlackElo "1940"]
[PlyCount "106"]
[EventDate "2023.07.01"]
[EventType "swiss"]
[EventRounds "9"]
[EventCountry "CZE"]
[TimeControl "120+30"]

1. e4 {[%emt 0:02:38]} c5 {[%emt 0:00:08]} 2. Nf3 {[%emt 0:00:04]} e6 {[%emt 0:00:04]} 3. d4 {[%emt 0:00:07]} cxd4 {[%emt 0:00:04]} 4. Nxd4 {[%emt 0:00:09]} Nf6 {[%emt 0:00:05]} 5. Nc3 {[%emt 0:00:04]} d6 {[%emt 0:00:05]} 6. Be2 {[%emt 0:00:38]} Be7 {[%emt 0:00:09]} 7. O-O {[%emt 0:00:47]} O-O {[%emt 0:00:09]} 8. f4 {[%emt 0:00:56]} Nc6 {[%emt 0:00:10]} 9. Be3 {[%emt 0:00:55]} e5 {[%emt 0:00:11]} 10. Nxc6 {[%emt 0:05:05]} bxc6 {[%emt 0:00:06]} 11. fxe5 {[%emt 0:00:41]} dxe5 {[%emt 0:00:09]} 12. Qe1 {[%emt 0:06:47]} Qc7 {[%emt 0:03:32]} 13. Qg3 {[%emt 0:06:51]} Kh8 {[%emt 0:02:18]} 14. Kh1 {[%emt 0:09:16]} Be6 {[%emt 0:01:42]} 15. Bd3 {[%emt 0:05:29]} Rab8 {[%emt 0:00:30]} 16. b3 {[%emt 0:02:40]} Rfd8 {[%emt 0:11:40]} 17. h3 {[%emt 0:02:09]} Qa5 {[%emt 0:14:43]} 18. Na4 {[%emt 0:06:41]} Nd7 {[%emt 0:11:56]} 19. Qf2 {[%emt 0:06:31]} c5 {[%emt 0:05:42]} 20. Nb2 {[%emt 0:09:15]} Qc7 {[%emt 0:06:39]} 21. Bc4 {[%emt 0:02:34]} Bxc4 {[%emt 0:04:31]} 22. Nxc4 {[%emt 0:00:15]} f6 {[%emt 0:01:24]} 23. Qe2 {[%emt 0:07:33]} Qc6 {[%emt 0:01:04]} 24. Nd2 {[%emt 0:04:58]} Nf8 {[%emt 0:01:27]} 25. Rad1 {[%emt 0:04:59]} Ne6 {[%emt 0:00:35]} 26. c3 {[%emt 0:00:30]} Rb7 {[%emt 0:02:28]} 27. Qg4 {[%emt 0:05:56]} Rbd7 {[%emt 0:03:40]} 28. Nc4 {[%emt 0:01:02]} Rd3 {[%emt 0:07:40]} 29. Rxd3 {[%emt 0:04:59]} Rxd3 {[%emt 0:00:13]} 30. Rd1 {[%emt 0:00:30]} Rxc3 {[%emt 0:14:58]} 31. Rd5 {[%emt 0:02:56]} h6 {[%emt 0:03:28]} 32. Qd1 {[%emt 0:10:00]} Nd4 {[%emt 0:03:40]} 33. Kh2 {[%emt 0:01:11]} Kh7 {[%emt 0:05:28]} 34. Bd2 {[%emt 0:01:29]} Rd3 {[%emt 0:04:44]} 35. Qf1 {[%emt 0:01:24]} Nf3+ {[%emt 0:00:52]} 36. gxf3 {[%emt 0:00:14]} Rxd5 {[%emt 0:00:06]} 37. exd5 {[%emt 0:00:09]} Qxd5 {[%emt 0:00:04]} 38. Qe2 {[%emt 0:00:35]} Qd7 {[%emt 0:01:36]} 39. Qe4+ {[%emt 0:02:20]} Kh8 {[%emt 0:00:12]} 40. Kg2 {[%emt 0:01:26]} Bd8 {[%emt 0:02:49]} 41. Be3 {[%emt 0:01:20]} Bb6 {[%emt 0:00:53]} 42. Qa8+ {[%emt 0:01:47]} Kh7 {[%emt 0:00:13]} 43. a4 {[%emt 0:02:39]} Qd1 {[%emt 0:02:57]} 44. Qe4+ {[%emt 0:00:09]} Kh8 {[%emt 0:00:19]} 45. a5 {[%emt 0:00:31]} Bd8 {[%emt 0:00:30]} 46. Qa8 {[%emt 0:01:45]} Kh7 {[%emt 0:00:57]} 47. Qb8 {[%emt 0:04:12]} Qc2+ {[%emt 0:01:08]} 48. Bd2 {[%emt 0:02:17]} Bxa5 {[%emt 0:00:24]} 49. Qd6 {[%emt 0:01:00]} Bb4 {[%emt 0:01:23]} 50. Qd5 {[%emt 0:00:36]} Qxb3 {[%emt 0:00:50]} 51. Qe4+ {[%emt 0:00:35]} Kh8 {[%emt 0:00:32]} 52. Qa8+ {[%emt 0:02:17]} Kh7 {[%emt 0:00:13]} 53. Qe4+ {[%emt 0:00:16]} Kh8 {[%emt 0:00:39]} 1/2-1/2

[Event "29. Klatovy A 2023"]
[Site "Klatovy"]
[Date "2023.07.07"]
[Round "7.18"]
[White "Martirosyan, David"]
[Black "Flajsman, Petr"]
[Result "1/2-1/2"]
[WhiteElo "1908"]
[BlackElo "1956"]
[PlyCount "47"]
[EventDate "2023.07.01"]
[EventType "swiss"]
[EventRounds "9"]
[EventCountry "CZE"]
[TimeControl "120+30"]

1. d4 {[%emt 0:00:03]} b5 {[%emt 0:01:04]} 2. e4 {[%emt 0:01:34]} Bb7 {[%emt 0:00:07]} 3. Nd2 {[%emt 0:02:18]} a6 {[%emt 0:00:08]} 4. Ngf3 {[%emt 0:00:56]} e6 {[%emt 0:00:35]} 5. Bd3 {[%emt 0:02:42]} c5 {[%emt 0:00:09]} 6. c3 {[%emt 0:00:13]} d6 {[%emt 0:03:02]} 7. O-O {[%emt 0:00:57]} Nf6 {[%emt 0:00:58]} 8. Re1 {[%emt 0:03:20]} Be7 {[%emt 0:00:51]} 9. a4 {[%emt 0:03:35]} c4 {[%emt 0:15:19]} 10. Bc2 {[%emt 0:02:12]} Qc7 {[%emt 0:05:30]} 11. Qe2 {[%emt 0:04:01]} e5 {[%emt 0:01:54]} 12. Nf1 {[%emt 0:03:18]} O-O {[%emt 0:00:19]} 13. Ng3 {[%emt 0:02:07]} g6 {[%emt 0:02:15]} 14. Bg5 {[%emt 0:09:31]} Nbd7 {[%emt 0:05:20]} 15. Nh4 {[%emt 0:03:46]} Rfe8 {[%emt 0:04:22]} 16. Qd2 {[%emt 0:03:42]} Nf8 {[%emt 0:09:44]} 17. f4 {[%emt 0:02:36]} Ne6 {[%emt 0:03:43]} 18. Nf3 {[%emt 0:04:21]} Nd7 {[%emt 0:11:17]} 19. f5 {[%emt 0:05:09]} Nxg5 {[%emt 0:11:26]} 20. Nxg5 {[%emt 0:02:02]} Rac8 {[%emt 0:10:54]} 21. Rf1 {[%emt 0:04:29]} Bf6 {[%emt 0:06:14]} 22. Rf3 {[%emt 0:06:11]} Qb6 {[%emt 0:03:42]} 23. a5 {[%emt 0:11:45]} Qa7 {[%emt 0:00:32]} 24. Rd1 {[%emt 0:00:30]} 1/2-1/2

[Event "29. Klatovy A 2023"]
[Site "Klatovy"]
[Date "2023.07.07"]
[Round "7.19"]
[White "Kroulik, Vaclav"]
[Black "Holy, Filip"]
[Result "1/2-1/2"]
[WhiteElo "1750"]
[BlackElo "2129"]
[PlyCount "158"]
[EventDate "2023.07.01"]
[EventType "swiss"]
[EventRounds "9"]
[EventCountry "CZE"]

1. e4 d5 2. exd5 Nf6 3. d4 Qxd5 4. Nf3 c6 5. Be2 Bf5 6. c4 Qa5+ 7. Bd2 Qb6 8. Qb3 e6 9. O-O Be7 10. Qxb6 axb6 11. Nc3 O-O 12. Nh4 Bg6 13. Nxg6 hxg6 14. Bf3 Nbd7 15. Rfe1 Bd6 16. a3 Rfd8 17. Bg5 Rac8 18. Rad1 e5 19. d5 Bc5 20. Rd2 Re8 21. g3 Nh7 22. Be3 Bxe3 23. Rxe3 Nhf6 24. dxc6 bxc6 25. Rd6 Nb8 26. Na4 Nfd7 27. Rb3 Nc5 28. Nxc5 bxc5 29. Rb6 e4 30. Bg2 Kf8 31. Kf1 Rc7 32. Ke2 Ke7 33. Rd1 Nd7 34. Rb3 f5 35. f3 exf3+ 36. Bxf3 Kf6+ 37. Kf2 Ne5 38. Rc3 Rb7 39. b3 Reb8 40. Rb1 Ra7 41. b4 cxb4 42. Rxb4 Rxa3 43. Rxa3 Rxb4 44. Be2 Nxc4 45. Ra8 Ne5 46. Rf8+ Ke6 47. Re8+ Kd5 48. Re7 Rb2 49. Ke3 Rb3+ 50. Kf4 Rb4+ 51. Kg5 Rb2 52. Bd1 Rxh2 53. Bb3+ Ke4 54. Rxg7 Rg2 55. Kf6 Rxg3 56. Bc2+ Nd3 57. Rc7 c5 58. Rxc5 Kd4 59. Rc8 f4 60. Rg8 Ke3 61. Rd8 Ne1 62. Bxg6 f3 63. Bf7 Rg4 64. Bh5 Rf4+ 65. Kg5 f2 66. Re8+ Kd4 67. Be2 Re4 68. Rxe4+ Kxe4 69. Kh4 Ke3 70. Bf1 Kf3 71. Kh3 Nc2 72. Ba6 Ne3 73. Bb5 Nd5 74. Ba6 Nf4+ 75. Kh2 Ne2 76. Bb7+ Ke3 77. Bg2 Nf4 78. Bf1 Kf3 79. Bb5 Ne2 1/2-1/2

[Event "29. Klatovy A 2023"]
[Site "Klatovy"]
[Date "2023.07.07"]
[Round "7.20"]
[White "Formanek, Martin"]
[Black "Vana, Jan 2010"]
[Result "0-1"]
[WhiteElo "2206"]
[BlackElo "1890"]
[PlyCount "110"]
[EventDate "2023.07.01"]
[EventType "swiss"]
[EventRounds "9"]
[EventCountry "CZE"]

1. e4 c5 2. Nf3 Nc6 3. c3 Nf6 4. Bd3 d5 5. e5 Nd7 6. Bb5 Qb6 7. Qe2 c4 8. Bxc6 bxc6 9. e6 fxe6 10. O-O Nc5 11. Ne5 g6 12. Qf3 Nd3 13. Qf7+ Kd8 14. Nxd3 cxd3 15. b3 Bh6 16. Bb2 e5 17. c4 d4 18. Re1 Qc7 19. Ba3 Bf5 20. Bc5 Bg5 21. f4 Bxf4 22. Qg7 Re8 23. g3 Bg5 24. Qxe5 Qxe5 25. Rxe5 Bf6 26. Bxd4 Bxe5 27. Bxe5 Kd7 28. Nc3 Rf8 29. Nd1 Rf7 30. Kf2 Ke6 31. Bf4 Bg4 32. Ne3 g5 33. Nxg4 gxf4 34. Re1+ Kd6 35. Re4 fxg3+ 36. Kxg3 h5 37. Ne5 Rg8+ 38. Kh4 Rf2 39. h3 Rxd2 40. Nf3 Rxa2 41. Rd4+ Kc5 42. Rxd3 Re2 43. Ng5 Rg2 44. Ne6+ Kb4 45. Nd4 R8g6 46. Re3 Rd6 47. Nf5 Rf6 48. Nxe7 Rb2 49. Kxh5 Rxb3 50. Rxb3+ Kxb3 51. Kg5 Re6 52. Nf5 Kxc4 53. h4 a5 54. h5 a4 55. h6 Rxh6 0-1

[Event "29. Klatovy A 2023"]
[Site "Klatovy"]
[Date "2023.07.07"]
[Round "7.21"]
[White "Pirklova, Hana"]
[Black "Matejovsky, Ondrej"]
[Result "1-0"]
[WhiteElo "2085"]
[BlackElo "1928"]
[PlyCount "43"]
[EventDate "2023.07.01"]
[EventType "swiss"]
[EventRounds "9"]
[EventCountry "CZE"]

1. e4 e5 2. Nf3 Nf6 3. Nxe5 d6 4. Nf3 Nxe4 5. d4 d5 6. Bd3 Bd6 7. O-O O-O 8. Re1 Bf5 9. c4 c6 10. Qb3 Qd7 11. Nc3 Nxc3 12. Bxf5 Qxf5 13. bxc3 b6 14. cxd5 Qxd5 15. c4 Qa5 16. c5 bxc5 17. Qb7 Qb6 18. Qxa8 Na6 19. Re8 Bb8 20. Rxf8+ Kxf8 21. dxc5 Qd8 22. Bf4 1-0

[Event "29. Klatovy A 2023"]
[Site "Klatovy"]
[Date "2023.07.07"]
[Round "7.22"]
[White "Hosnedl, Jiri"]
[Black "Filindash, Nikita"]
[Result "0-1"]
[WhiteElo "1858"]
[BlackElo "2011"]
[PlyCount "106"]
[EventDate "2023.07.01"]
[EventType "swiss"]
[EventRounds "9"]
[EventCountry "CZE"]

1. d4 d5 2. c4 e6 3. cxd5 exd5 4. Nc3 Nf6 5. Bg5 c6 6. Qc2 Be7 7. e3 O-O 8. Bd3 Nbd7 9. Nge2 Re8 10. O-O Nf8 11. Rae1 h6 12. Bh4 Ne4 13. Bxe7 Qxe7 14. f3 Nxc3 15. Nxc3 Ne6 16. Qf2 Qd6 17. Rd1 Bd7 18. Kh1 Re7 19. Bb1 Rae8 20. e4 f6 21. Rfe1 Ng5 22. Qh4 Qb4 23. Qf2 Qd6 24. Qh4 b5 25. exd5 cxd5 26. Bg6 Rxe1+ 27. Rxe1 Rxe1+ 28. Qxe1 b4 29. Nd1 Ne6 30. Bf5 Nxd4 31. Bxd7 Qxd7 32. Qxb4 Nc6 33. Qd2 d4 34. Nf2 Qe6 35. a3 f5 36. h3 Qe3 37. Qxe3 dxe3 38. Nd3 g5 39. f4 Kf7 40. Kg1 Ke6 41. Kf1 Kd5 42. fxg5 hxg5 43. Ke2 Kd4 44. Ne1 Ke4 45. Nf3 Nd4+ 46. Nxd4 Kxd4 47. g3 f4 48. gxf4 gxf4 49. h4 Ke4 50. h5 f3+ 51. Ke1 Kd3 52. h6 f2+ 53. Kf1 e2+ 0-1

[Event "29. Klatovy A 2023"]
[Site "Klatovy"]
[Date "2023.07.07"]
[Round "7.23"]
[White "Novak, Vaclav2"]
[Black "Honcharov, Makar"]
[Result "0-1"]
[WhiteElo "1948"]
[BlackElo "1696"]
[PlyCount "75"]
[EventDate "2023.07.01"]
[EventType "swiss"]
[EventRounds "9"]
[EventCountry "CZE"]

1. e4 c5 2. Nf3 d6 3. Nc3 a6 4. Be2 Nf6 5. O-O e6 6. d4 cxd4 7. Nxd4 Nbd7 8. Be3 b5 9. a3 Bb7 10. f3 h5 11. Qd2 Rc8 12. Nd1 d5 13. exd5 Nxd5 14. Bf2 Be7 15. c3 Qc7 16. Bg3 Qd8 17. Re1 h4 18. Bf2 Qc7 19. a4 b4 20. c4 Nf4 21. b3 h3 22. g3 Ng2 23. Rf1 Bc5 24. Nc2 Ne5 25. Bxc5 Qxc5+ 26. Qd4 Qxd4+ 27. Nxd4 Rd8 28. f4 Rxd4 29. fxe5 Rd2 30. Bf3 Bxf3 31. Rxf3 Rh5 32. Nf2 Rxe5 33. Nxh3 Ree2 34. Nf2 Ne1 35. Rxe1 Rxe1+ 36. Kg2 Rb2 37. Kh3 Reb1 38. Rd3 0-1

[Event "29. Klatovy A 2023"]
[Site "Klatovy"]
[Date "2023.07.07"]
[Round "7.24"]
[White "Andrle, Filip"]
[Black "Stary, Lukas"]
[Result "1-0"]
[WhiteElo "1692"]
[BlackElo "1932"]
[PlyCount "111"]
[EventDate "2023.07.01"]
[EventType "swiss"]
[EventRounds "9"]
[EventCountry "CZE"]

1. e4 e5 2. Nf3 Nc6 3. Bc4 Bc5 4. d3 Nf6 5. c3 O-O 6. Bg5 h6 7. Bh4 d6 8. O-O Bb6 9. b4 Qe7 10. Nbd2 a6 11. a4 Be6 12. Qb3 Ba7 13. a5 Bxc4 14. Nxc4 Qe6 15. Bxf6 Qxf6 16. b5 axb5 17. Qxb5 Rfb8 18. a6 Nd8 19. Qd7 Ne6 20. axb7 Rxb7 21. Ne3 Rab8 22. Nd5 Qd8 23. Qxd8+ Nxd8 24. g3 c6 25. Nb4 Bc5 26. Na6 Rc8 27. Nxc5 dxc5 28. Nxe5 Re7 29. Nc4 Rb8 30. Rfb1 Rb5 31. Nd6 Rxb1+ 32. Rxb1 Rd7 33. e5 f6 34. f4 fxe5 35. fxe5 Kf8 36. Kf2 Ra7 37. Nc4 Nf7 38. Ke3 Ra2 39. h4 Rg2 40. Kf3 Rc2 41. Rb3 Ke7 42. Ke4 Ke6 43. Ne3 Rc1 44. d4 cxd4 45. cxd4 g6 46. Rb6 Ke7 47. Rb7+ Ke6 48. Rc7 Rc3 49. Rxc6+ Rxc6 50. d5+ Kd7 51. dxc6+ Kxc6 52. e6 Nd6+ 53. Ke5 g5 54. h5 Kc7 55. g4 Kc6 56. Nf5 1-0

[Event "29. Klatovy A 2023"]
[Site "Klatovy"]
[Date "2023.07.07"]
[Round "7.25"]
[White "Hlavacek, Ondrej 1999"]
[Black "Zadrapa, Radek"]
[Result "1-0"]
[WhiteElo "1780"]
[BlackElo "2014"]
[PlyCount "75"]
[EventDate "2023.07.01"]
[EventType "swiss"]
[EventRounds "9"]
[EventCountry "CZE"]

1. Nf3 Nf6 2. b3 g6 3. Bb2 Bg7 4. e3 O-O 5. d4 d6 6. Be2 Nbd7 7. O-O c6 8. c4 Qc7 9. Nc3 Re8 10. e4 e5 11. dxe5 dxe5 12. Qc2 Bf8 13. a3 a5 14. Ne1 Nc5 15. Nf3 Ne6 16. Na4 Nf4 17. c5 Nxe2+ 18. Qxe2 Nh5 19. Qe3 f6 20. Nb6 Ra6 21. b4 Be6 22. Bc3 Qe7 23. Nd2 Nf4 24. Ndc4 Rd8 25. Rfd1 axb4 26. Bxb4 Rxd1+ 27. Rxd1 Bxc4 28. Nxc4 Qe6 29. Nb6 Nxg2 30. Qf3 Nf4 31. Rd8 Nh3+ 32. Kf1 Ng5 33. Qd3 Nf7 34. Rb8 Ra7 35. Nd7 Kg7 36. Nxf8 Qg4 37. Qb3 Qxe4 38. Ne6+ 1-0

[Event "29. Klatovy A 2023"]
[Site "Klatovy"]
[Date "2023.07.07"]
[Round "7.26"]
[White "Zadrapova, Amalie"]
[Black "Kovar, Petr"]
[Result "1-0"]
[WhiteElo "1789"]
[BlackElo "1879"]
[PlyCount "57"]
[EventDate "2023.07.01"]
[EventType "swiss"]
[EventRounds "9"]
[EventCountry "CZE"]

1. e4 c5 2. Nf3 d6 3. d4 cxd4 4. Nxd4 Nf6 5. Nc3 g6 6. Be3 Bg7 7. f3 O-O 8. Qd2 Nc6 9. Bc4 Nd7 10. O-O-O Nde5 11. Bb3 Na5 12. Qe2 Bd7 13. g4 Rc8 14. Kb1 Nac4 15. Bc1 Qa5 16. Nd5 Rfe8 17. h4 h6 18. Rhg1 Qc5 19. c3 Nb6 20. f4 Nec4 21. Nxb6 Nxb6 22. h5 Nc4 23. g5 Kh7 24. gxh6 Bf6 25. hxg6+ fxg6 26. Nf3 Rg8 27. Ka1 a5 28. e5 dxe5 29. fxe5 1-0

[Event "29. Klatovy A 2023"]
[Site "Klatovy"]
[Date "2023.07.07"]
[Round "7.27"]
[White "Lhotsky, Zdenek"]
[Black "Topencik, Bruno"]
[Result "0-1"]
[WhiteElo "1840"]
[BlackElo "1780"]
[PlyCount "68"]
[EventDate "2023.07.01"]
[EventType "swiss"]
[EventRounds "9"]
[EventCountry "CZE"]

1. e4 e6 2. d4 d5 3. Nc3 Bb4 4. e5 c5 5. a3 Bxc3+ 6. bxc3 Qa5 7. Bd2 Qa4 8. Nf3 Ne7 9. Bd3 b6 10. Qb1 Ba6 11. O-O Nbc6 12. Be3 Bxd3 13. cxd3 c4 14. dxc4 Qxc4 15. Qb2 Na5 16. Nd2 Qc6 17. Qb4 Rc8 18. Rac1 Nc4 19. Bg5 Ng6 20. Nxc4 Qxc4 21. a4 h6 22. Be3 Ne7 23. a5 Qxb4 24. cxb4 Kd7 25. Ra1 b5 26. Rfc1 Rc4 27. Rxc4 dxc4 28. d5 exd5 29. Bxa7 Nc6 30. Bc5 Nxe5 31. a6 Nd3 32. a7 Nxc5 33. bxc5 Ra8 34. Kf1 Kc6 0-1

[Event "29. Klatovy A 2023"]
[Site "Klatovy"]
[Date "2023.07.07"]
[Round "7.28"]
[White "Benes, Jachym"]
[Black "Sedmihradsky, Tomas"]
[Result "1-0"]
[WhiteElo "1806"]
[BlackElo "1775"]
[PlyCount "97"]
[EventDate "2023.07.01"]
[EventType "swiss"]
[EventRounds "9"]
[EventCountry "CZE"]

1. d4 Nf6 2. c4 e6 3. Nf3 Bb4+ 4. Bd2 Bxd2+ 5. Qxd2 b6 6. g3 Bb7 7. Bg2 Qe7 8. Nc3 O-O 9. O-O d5 10. cxd5 Nxd5 11. Ne5 Nd7 12. Nxd5 exd5 13. Nd3 Rfe8 14. e3 Rac8 15. Rac1 Nf6 16. Bh3 Rcd8 17. Qc3 c6 18. Rc2 Ne4 19. Qb3 c5 20. dxc5 Nxc5 21. Nxc5 bxc5 22. Bg2 Ba6 23. Rd1 d4 24. Rcd2 c4 25. Qa4 dxe3 26. Rxd8 Rxd8 27. Rxd8+ Qxd8 28. fxe3 Qc8 29. Bd5 g6 30. Qb4 Qd8 31. Qc5 Qb6 32. Qxb6 axb6 33. Kf2 Kg7 34. e4 b5 35. a3 f5 36. exf5 gxf5 37. Ke3 Kf6 38. Kd4 Kg5 39. Kc5 Kg4 40. Bg2 f4 41. gxf4 Kxf4 42. Kb6 b4 43. axb4 Bc8 44. Kc7 Ba6 45. Kb6 Bc8 46. b5 Bd7 47. Bc6 Be6 48. Kc7 Ke3 49. b6 1-0

[Event "29. Klatovy A 2023"]
[Site "Klatovy"]
[Date "2023.07.07"]
[Round "7.29"]
[White "Roubal, Matyas"]
[Black "Kucera, Petr2"]
[Result "1-0"]
[WhiteElo "1850"]
[BlackElo "1935"]
[PlyCount "77"]
[EventDate "2023.07.01"]
[EventType "swiss"]
[EventRounds "9"]
[EventCountry "CZE"]

1. e4 Nf6 2. e5 Nd5 3. d4 d6 4. c4 Nb6 5. f4 dxe5 6. fxe5 Nc6 7. Be3 Bf5 8. Nf3 e6 9. Nc3 Qd7 10. Be2 O-O-O 11. O-O f6 12. d5 Nxe5 13. Nxe5 fxe5 14. a4 Kb8 15. a5 Nc8 16. Qb3 exd5 17. cxd5 Bg6 18. Rac1 Qd6 19. Qa2 a6 20. Rfd1 Qb4 21. Kh1 Bd6 22. Bd2 Qh4 23. Be1 Qe7 24. Na4 Rhf8 25. Bg3 e4 26. Bxd6 Nxd6 27. Nc5 Rf2 28. Bxa6 Qg5 29. Bf1 Rdf8 30. Nd7+ Kc8 31. Nxf8 Rxf8 32. Qa3 Rf6 33. a6 bxa6 34. Qxa6+ Kd8 35. Qa8+ Nc8 36. d6 Bf5 37. Rxc7 Bd7 38. Rxd7+ Kxd7 39. Qb7+ 1-0

[Event "29. Klatovy A 2023"]
[Site "Klatovy"]
[Date "2023.07.08"]
[Round "8.1"]
[White "Straka, Vojtech"]
[Black "Horak, Martin"]
[Result "1/2-1/2"]
[WhiteElo "2433"]
[BlackElo "2266"]
[PlyCount "57"]
[EventDate "2023.07.01"]
[EventType "swiss"]
[EventRounds "9"]
[EventCountry "CZE"]
[TimeControl "120+30"]

1. d4 {[%emt 0:00:03]} Nf6 {[%emt 0:01:10]} 2. c4 {[%emt 0:00:22]} e6 {[%emt 0:00:04]} 3. g3 {[%emt 0:00:27]} Bb4+ {[%emt 0:00:17]} 4. Nd2 {[%emt 0:01:12]} c5 {[%emt 0:02:11]} 5. a3 {[%emt 0:00:09]} Bxd2+ {[%emt 0:00:04]} 6. Qxd2 {[%emt 0:00:11]} cxd4 {[%emt 0:00:03]} 7. Nf3 {[%emt 0:00:28]} b6 {[%emt 0:03:29]} 8. Qxd4 {[%emt 0:09:28]} Bb7 {[%emt 0:04:45]} 9. Bg2 {[%emt 0:03:53]} Nc6 {[%emt 0:01:36]} 10. Qc3 {[%emt 0:10:54]} Rc8 {[%emt 0:05:18]} 11. b4 {[%emt 0:08:24]} O-O {[%emt 0:02:22]} 12. Bb2 {[%emt 0:00:15]} d5 {[%emt 0:03:02]} 13. cxd5 {[%emt 0:03:32]} Na5 {[%emt 0:05:14]} 14. Qd3 {[%emt 0:08:08]} Nc4 {[%emt 0:00:05]} 15. Bd4 {[%emt 0:09:06]} Bxd5 {[%emt 0:01:07]} 16. O-O {[%emt 0:06:29]} Re8 {[%emt 0:20:08]} 17. Rfd1 {[%emt 0:28:50]} e5 {[%emt 0:17:40]} 18. Bc3 {[%emt 0:00:25]} Qe7 {[%emt 0:01:27]} 19. Nxe5 {[%emt 0:10:43]} Nxe5 {[%emt 0:03:42]} 20. Bxe5 {[%emt 0:00:09]} Qxe5 {[%emt 0:00:50]} 21. Bxd5 {[%emt 0:00:09]} Nxd5 {[%emt 0:00:18]} 22. Qxd5 {[%emt 0:00:08]} Qxe2 {[%emt 0:00:11]} 23. Rd2 {[%emt 0:00:49]} Qe5 {[%emt 0:01:28]} 24. Qxe5 {[%emt 0:05:30]} Rxe5 {[%emt 0:00:05]} 25. Rd7 {[%emt 0:00:14]} a5 {[%emt 0:02:11]} 26. Rad1 {[%emt 0:00:11]} g6 {[%emt 0:01:02]} 27. R1d6 {[%emt 0:02:56]} axb4 {[%emt 0:02:02]} 28. axb4 {[%emt 0:00:16]} Rf5 {[%emt 0:00:47]} 29. Rd8+ {[%emt 0:04:16]} 1/2-1/2

[Event "29. Klatovy A 2023"]
[Site "Klatovy"]
[Date "2023.07.08"]
[Round "8.2"]
[White "Neuman, Petr"]
[Black "Slovak, Kilian"]
[Result "1-0"]
[WhiteElo "2398"]
[BlackElo "2297"]
[PlyCount "39"]
[EventDate "2023.07.01"]
[EventType "swiss"]
[EventRounds "9"]
[EventCountry "CZE"]
[TimeControl "120+30"]

1. d4 {[%emt 0:00:08]} Nf6 {[%emt 0:00:07]} 2. c4 {[%emt 0:00:11]} g6 {[%emt 0:00:06]} 3. g3 {[%emt 0:00:20]} Bg7 {[%emt 0:00:09]} 4. Bg2 {[%emt 0:00:08]} d6 {[%emt 0:00:10]} 5. Nf3 {[%emt 0:00:20]} O-O {[%emt 0:00:12]} 6. Nc3 {[%emt 0:00:17]} Nc6 {[%emt 0:00:10]} 7. O-O {[%emt 0:00:17]} e5 {[%emt 0:00:12]} 8. dxe5 {[%emt 0:00:23]} dxe5 {[%emt 0:00:10]} 9. Bg5 {[%emt 0:00:23]} Be6 {[%emt 0:00:24]} 10. Qc1 {[%emt 0:00:22]} Qc8 {[%emt 0:02:06]} 11. Bxf6 {[%emt 0:04:03]} Bxf6 {[%emt 0:01:25]} 12. Nd5 {[%emt 0:00:13]} Bxd5 {[%emt 0:17:59]} 13. cxd5 {[%emt 0:00:05]} Nd4 {[%emt 0:00:32]} 14. Qc4 {[%emt 0:01:56]} Qd7 {[%emt 0:33:11]} 15. Rac1 {[%emt 0:06:18]} Rac8 {[%emt 0:08:04]} 16. Nd2 {[%emt 0:18:38]} c6 {[%emt 0:06:21]} 17. Ne4 {[%emt 0:03:54]} Bg7 {[%emt 0:01:51]} 18. Nc5 {[%emt 0:13:42]} cxd5 {[%emt 0:07:26]} 19. Qxd4 {[%emt 0:02:28]} Qb5 {[%emt 0:11:02]} 20. a4 {[%emt 0:01:53]} 1-0

[Event "29. Klatovy A 2023"]
[Site "Klatovy"]
[Date "2023.07.08"]
[Round "8.3"]
[White "Hurdzan, Tomas"]
[Black "Jun, Rudolf"]
[Result "1-0"]
[WhiteElo "2309"]
[BlackElo "2223"]
[PlyCount "87"]
[EventDate "2023.07.01"]
[EventType "swiss"]
[EventRounds "9"]
[EventCountry "CZE"]
[TimeControl "120+30"]

1. c4 {[%emt 0:00:09]} e5 {[%emt 0:00:10]} 2. g3 {[%emt 0:01:18]} Nf6 {[%emt 0:00:30]} 3. Bg2 {[%emt 0:00:07]} d5 {[%emt 0:00:48]} 4. cxd5 {[%emt 0:00:10]} Nxd5 {[%emt 0:00:08]} 5. Nf3 {[%emt 0:01:34]} Nc6 {[%emt 0:00:54]} 6. O-O {[%emt 0:01:01]} Be6 {[%emt 0:01:37]} 7. d4 {[%emt 0:09:22]} exd4 {[%emt 0:01:40]} 8. Nxd4 {[%emt 0:00:20]} Nxd4 {[%emt 0:00:55]} 9. Qxd4 {[%emt 0:00:04]} c6 {[%emt 0:00:38]} 10. Nc3 {[%emt 0:09:53]} Qf6 {[%emt 0:19:22]} 11. Qa4 {[%emt 0:07:30]} Nb6 {[%emt 0:02:13]} 12. Qc2 {[%emt 0:01:12]} Be7 {[%emt 0:03:35]} 13. b3 {[%emt 0:12:13]} O-O {[%emt 0:02:58]} 14. e4 {[%emt 0:03:13]} Bc5 {[%emt 0:18:29]} 15. Bf4 {[%emt 0:04:45]} Bd4 {[%emt 0:06:02]} 16. Rac1 {[%emt 0:00:24]} Be5 {[%emt 0:10:16]} 17. Be3 {[%emt 0:00:55]} Bd4 {[%emt 0:02:05]} 18. Bxd4 {[%emt 0:19:13]} Qxd4 {[%emt 0:00:38]} 19. Ne2 {[%emt 0:00:19]} Qb4 {[%emt 0:01:56]} 20. Nf4 {[%emt 0:01:02]} Rad8 {[%emt 0:04:08]} 21. Rcd1 {[%emt 0:07:44]} Bg4 {[%emt 0:02:14]} 22. Rd3 {[%emt 0:01:41]} Rxd3 {[%emt 0:07:28]} 23. Nxd3 {[%emt 0:01:03]} Qe7 {[%emt 0:01:16]} 24. Nc5 {[%emt 0:00:58]} Rd8 {[%emt 0:01:09]} 25. Qc3 {[%emt 0:13:00]} h6 {[%emt 0:16:47]} 26. Re1 {[%emt 0:00:26]} f6 {[%emt 0:07:26]} 27. h3 {[%emt 0:08:24]} Be6 {[%emt 0:01:06]} 28. e5 {[%emt 0:05:31]} f5 {[%emt 0:01:26]} 29. Nxe6 {[%emt 0:00:04]} Qxe6 {[%emt 0:00:07]} 30. Qa5 {[%emt 0:00:23]} Qe7 {[%emt 0:06:14]} 31. e6 {[%emt 0:05:21]} Nd5 {[%emt 0:03:36]} 32. Qxa7 {[%emt 0:00:08]} Rd6 {[%emt 0:00:53]} 33. Bxd5 {[%emt 0:05:20]} Rxd5 {[%emt 0:03:13]} 34. Qb8+ {[%emt 0:00:57]} Kh7 {[%emt 0:00:50]} 35. a4 {[%emt 0:00:48]} Kg6 {[%emt 0:01:55]} 36. Qf4 {[%emt 0:00:50]} Kh7 {[%emt 0:01:08]} 37. h4 {[%emt 0:00:48]} Kg8 {[%emt 0:02:22]} 38. h5 {[%emt 0:00:32]} Kf8 {[%emt 0:00:23]} 39. Re5 {[%emt 0:01:35]} Qf6 {[%emt 0:00:46]} 40. Rxd5 {[%emt 0:01:41]} cxd5 {[%emt 0:00:06]} 41. Qb8+ {[%emt 0:01:49]} Ke7 {[%emt 0:00:04]} 42. Qxb7+ {[%emt 0:00:04]} Kxe6 {[%emt 0:00:06]} 43. Qc6+ {[%emt 0:00:04]} Ke5 {[%emt 0:00:05]} 44. Qxf6+ {[%emt 0:00:17]} 1-0